| 000 | 02209cam a22004457a 4500 | ||
|---|---|---|---|
| 001 | 16605731 | ||
| 003 | ARRUPE | ||
| 005 | 20211026103217.0 | ||
| 008 | 110110s2009 nyua 001 0 eng d | ||
| 010 | _a 2011289323 | ||
| 020 | _a9780071544252 | ||
| 020 | _a0071544259 | ||
| 035 | _a(OCoLC)ocn192082886 | ||
| 040 |
_aBTCTA _cBTCTA _dBAKER _dYDXCP _dSDB _dWIM _dVP@ _dQBX _dZIF _dOQ@ _dDLC |
||
| 042 | _alccopycat | ||
| 050 | 0 | 0 |
_aQA273.25 _b.S64 2009 |
| 082 | 0 | 4 |
_a519.2076 _222 |
| 100 | 1 |
_aSpiegel, Murray R. _950630 |
|
| 245 | 1 | 0 |
_aProbability and statistics / _cMurray R. Spiegel, John J. Schiller, R. Alu Srinivasan. |
| 250 | _a3rd ed. | ||
| 260 |
_aNew York : _bMcGraw-Hill, _cc2009. |
||
| 300 |
_avii, 424 p. : _bill. ; _c28 cm. |
||
| 490 | 1 | _aSchaum's outlines | |
| 500 | _aIncludes indexes. | ||
| 505 | 0 | _aPart I: Probability -- Basic Probability -- Random Variables and Probability Distributions -- Mathematical Expectation -- Special Probability Distributions -- Part II: Statistics -- Sampling Theory -- Estimation Theory -- Tests of Hypotheses and Significance -- Curve Fitting, Regression, and Correlation -- Analysis of Variance -- Nonparametric Tests -- Bayesian Methods. | |
| 520 | _aA study-guide to probability and statistics that includes coverage of course concepts and 897 fully solved problems. | ||
| 650 | 0 |
_aProbabilities _vProblems, exercises, etc. _950631 |
|
| 650 | 0 |
_aProbabilities _vOutlines, syllabi, etc. _950632 |
|
| 650 | 0 |
_aMathematical statistics _vProblems, exercises, etc. _950633 |
|
| 650 | 0 |
_aMathematical statistics _vOutlines, syllabi, etc. _950634 |
|
| 700 | 1 |
_aSchiller, John J. _950635 |
|
| 700 | 1 |
_aSrinivasan, R. Alu. _950636 |
|
| 830 | 0 |
_aSchaum's outline series. _93413 |
|
| 856 | 4 | 2 |
_3Contributor biographical information _uhttp://www.loc.gov/catdir/enhancements/fy1107/2011289323-b.html |
| 856 | 4 | 2 |
_3Publisher description _uhttp://www.loc.gov/catdir/enhancements/fy1107/2011289323-d.html |
| 856 | 4 | 1 |
_3Table of contents only _uhttp://www.loc.gov/catdir/enhancements/fy1107/2011289323-t.html |
| 906 |
_a7 _bcbc _ccopycat _d3 _encip _f20 _gy-gencatlg |
||
| 942 |
_2lcc _cMONOGRAPH |
||
| 999 |
_c130956 _d130956 |
||